| 000 | 01009cam a2200301 4500 | ||
|---|---|---|---|
| 001 | 1858 | ||
| 008 | 090401t1996 xxu||||| |||| 00| 0 eng d | ||
| 020 | _a0419205802 | ||
| 035 | _a(Sirsi) u71033 | ||
| 041 | _aeng | ||
| 050 | _a658.2 | ||
| 245 | _aFacilities management : theory and practice. | ||
| 260 |
_aLondon _bE & FN Spon _c1996 |
||
| 300 | _axxii,173p. ; 24cm. | ||
| 350 | _a22 | ||
| 520 | _aA collection of papers exploring the various aspects of facilities management. Includes chapters on total quality management, value management, risk management and project management. | ||
| 650 | _aENVIRONMENTAL MANAGEMENT | ||
| 650 | _aFACILITIES INFORMATION MANAGEMENT SYSTEMS | ||
| 650 |
_aFACILITIES MANAGEMENT _96240 |
||
| 650 |
_aProject management _96261 |
||
| 650 | _aRISK MANAGEMENT | ||
| 650 | _aTOTAL QUALITY MANAGEMENT | ||
| 650 | _aVALUE MANAGEMENT | ||
| 690 | _aOFFICE SERVICES AND ADMINISTRATION | ||
| 700 |
_aAlexander, Keith _xEditor |
||
| 942 | _n0 | ||
| 948 | _c04/03/1997 | ||
| 999 |
_c95371 _d95371 |
||